000 00677nam a22002417a 4500
001 135631
003 UA-OsUOA
005 20201118221705.0
007 ta
008 20190208b un ||||| |||| 00| 0 ukr d
040 _aUA-OsUOA
_bukr
_cUA-OsUOA
_dUA-OsUOA
041 _aukr
080 _a929
090 _a929
_bН84
100 _aНоско-Оборонів Т.
245 _aЯрослав Богдан Рудницький
260 _bУММА
_c1992
300 _a48 с.
650 7 _a9 Географія. Біографії. Історія
_2UDC
942 _cBK
_2udc
955 _a2
999 _c421963
_d421963